| 000 | 00280 a2200121 4500 | ||
|---|---|---|---|
| 999 |
_c321798 _d321798 |
||
| 001 | 86725 | ||
| 003 | NUST | ||
| 005 | 20180123111447.0 | ||
| 008 | 180123b xxu||||| |||| 00| 0 eng d | ||
| 082 | _a891.4391 ZAF | ||
| 100 |
_aMolana Zafar Ali Khan _99585 |
||
| 245 |
_aChamnistan _hUrdu |
||
| 260 |
_aLahore _bAl Faisal _c2007 |
||
| 300 | _a195p. | ||
| 942 |
_aCAE NUST _cBK _k891.4391 ZAF _2ddc |
||